000 00867nam a22002417a 4500
003 SEM
005 20260625170148.0
008 260623m1987 ai ||||gr||||||01|||arm|d
040 _aSEM
_cSEM
041 _aarm
080 _a891.981/Թ-15
100 _aԹաթիկյան, Շահեն
245 _aԸնտիր երկեր:
_bԵրկու հատորով /
_cՇ. Թաթիկյան
260 _aԵրևան :
_bՍովետ. գրող,
_c1987-
300 _aՀ. ;
_c21 սմ
505 _aՀ. 1 -
_r/Խմբ.՝ Ա. Քիշոյան ; Առաջաբ.՝ Ս. Արզումանյան.-
_g1987.- 750 էջ
505 _aՀ. 2 -
_r/Խմբ.՝ Ա. Քիշոյան.-
_g1987.- 750 էջ
650 _aՀայ գրականություն
653 _aՍԷՄ
700 _aՔիշոյան, Ա.
_eխմբ.
_4edt.
700 _aԱրզումանյան, Ս.
_eառաջաբ.
_4pref.
942 _2udc
_cBK
_n0
999 _c77323
_d77323